01327nam a2200289 a 4500001001000000003000900010005001700019008004100036040002500077082001800102110009400120245002700214260003400241300002100275490006900296490005600365590002700421610007000448610005900518610004300577830011000620910003800730942001400768952011600782952012200898999001701020000026170DO-SdBNP20250306141706.0110303s1977 dr 000 0 spa d aDO-SdBNPbspacBNPHU a378.199bU58g2 aUniversidad Autónoma de Santo Domingo.bOficina de Planificación Universitaria93689610aGuía de carreras 77. aSanto Domingo :bUASD,c1977. a272 p. ;c21 cm.1 aPublicaciones de la Universidad Autónoma de Santo Domingov2221 aOPLAU. Colección Universidad y Planificaciónv2 aInventariado, 2018/MFF10aUniversidad Autónoma de Santo DomingoxPlanes de estudio97295124aUNIVERSIDADES-CURRICULAxREPÚBLICA DOMINICANA95317424aPLANES DE ESTUDIO UNIVERSITARIO953175 0aPublicaciones de la Universidad Autónoma de Santo Domingov222pUniversidad y Planificaciónn2953176 aValidado. Control de calidad EMS. 2ddccLBS1 0010718PDaPDbPDcHDd2011-03-03iLF1l0o378.199 U58gp26170-10r2020-06-25w2020-06-25yLFPDZNo se presta 0010718PDaPDbPDcHDd2011-07-15iLF1l0o378.199 U58gp26170-20r2020-06-25te. 2w2020-06-25yLFPDZNo se presta c25662d25662